Identifying Brúnanburh : ón dyngesmere : the sea of noise /

In this study the author uses topographic references found in the manuscript of the poem 'Brúnanburh' to try and locate the 'site' of this momentous battle. The first references were maritime then latterly landscape leading to field-names which have a more stable base than the co...

وصف كامل

محفوظ في:

المؤلف الرئيسي: Kirby, John R. (مؤلف)

التنسيق: كتاب الكتروني

اللغة: English

منشور في: Summertown, Oxford : Archaeopress Publishing Ltd, 2019.

سلاسل: Access archaeology.

الموضوعات:

الوصول للمادة أونلاين: Login to view Source

الوسوم: إضافة وسم

لا توجد وسوم, كن أول من يضع وسما على هذه التسجيلة!

رقم الطلب: DA154.1

LEADER 01990nam a2200433 i 4500
001 EDZ0002020402
003 StDuBDS
005 20230412182421.0
006 m|||||o||d||||||||
007 cr |||||||||||
008 190108s2019 enka fo 000|0|eng|d
020 |a 9781789691085 (ebook) :  |c No price 
040 |a StDuBDS  |b eng  |c StDuBDS  |e rda  |e pn 
050 4 |a DA154.1 
082 0 4 |a 941.0171  |2 23 
100 1 |a Kirby, John R.,  |e author. 
245 1 0 |a Identifying Brúnanburh :  |b ón dyngesmere : the sea of noise /  |c John R. Kirby. 
264 1 |a Summertown, Oxford :  |b Archaeopress Publishing Ltd,  |c 2019. 
300 |a 1 online resource (44 pages) :  |b illustrations (black and white, and colour). 
336 |a text  |2 rdacontent 
336 |a still image  |2 rdacontent 
337 |a computer  |2 rdamedia 
338 |a online resource  |2 rdacarrier 
490 1 |a Access archaeology 
500 |a Previously issued in print: 2019. 
520 8 |a In this study the author uses topographic references found in the manuscript of the poem 'Brúnanburh' to try and locate the 'site' of this momentous battle. The first references were maritime then latterly landscape leading to field-names which have a more stable base than the constantly changing place-names. 
521 |a Specialized. 
588 |a Description based on online resource; title from home page (viewed on February 28, 2019). 
650 0 |a Brunanburh, Battle of, 937. 
650 0 |a Brunanburh, Battle of, 937  |x Poetry. 
650 0 |a Epic poetry, English (Old)  |x History and criticism. 
650 0 |a Manuscripts, Medieval  |z England. 
650 0 |a Material culture  |z England  |x History  |y To 1500. 
776 0 8 |i Print version :  |z 9781789691078 
830 0 |a Access archaeology. 
856 4 0 |3 Archaeopress  |u http://library.arce.org:8087/Archaeopress/Products/9781789691078 
942 |2 lcc  |c EBOOK 
952 |0 0  |1 0  |4 0  |6 DA01541  |7 1  |9 46503  |a ARCH  |b ARCH  |d 2023-04-12  |l 0  |o DA154.1  |r 2023-04-12 00:00:00  |w 2023-04-12  |y EBOOK 
999 |c 52161  |d 52161